Statistiken für Woiwodschaften Polens mit Karte

Klicken Sie hier um das Quiz zu spielen!

Allgemein

  • Dieses Quiz wurde 43 mal gespielt
    (12 seit der letzten Aktualisierung)
  • Das Durchschnittsergebnis liegt bei 12 aus 16

Antworten auf der Karte

Die Antworten werden auf der Karte rot bzw. grün angezeigt, abhängig davon wie oft sie richtig erraten wurden.
 

Antwortstatistiken

Woiwodschaft% Korrekt
Schlesien
100%
Großpolen
90%
Kleinpolen
90%
Niederschlesien
90%
Oppeln
90%
Ermland-Masuren
80%
Kujawien-Pommern
80%
Pommern
80%
Łódź
70%
Lublin
70%
Masowien
70%
Heiligkreuz
60%
Lebus
50%
Westpommern
50%
Karpatenvorland
40%
Podlachien
40%

Verteilung der Resultate

Perzentil nach korrekt beantworteten Fragen

Anzahl Personen mit jedem Resultat

Ihre Resultats-Entwicklung

Sie haben dieses Quiz seit der letzten Aktualisierung nicht gespielt